ՀՀ Գիտությունների ազգային ակադեմիայի հիմնարար գիտական գրադարան  =   Fundamental Scientific Library of NAS RA

Творческое наследие И.А. Крылова в казахской литературе XIX века / (Record no. 421689)

MARC details
000 -LEADER
fixed length control field 01223nam a2200277 a 4500
003 - CONTROL NUMBER IDENTIFIER
control field AM-YeHGA
005 - DATE AND TIME OF LATEST TRANSACTION
control field 20250617154859.0
008 - FIXED-LENGTH DATA ELEMENTS--GENERAL INFORMATION
fixed length control field 180920s1951 kz |||||r|||||001|1|rus||
040 ## - CATALOGING SOURCE
Original cataloging agency AM-YeHGA
041 1# - LANGUAGE CODE
Language code of text/sound track or separate title rus
Language code of original kaz
090 ## - LOCALLY ASSIGNED LC-TYPE CALL NUMBER (OCLC); LOCAL CALL NUMBER (RLIN)
-- 424103
100 1# - MAIN ENTRY--PERSONAL NAME
Personal name Нурушев, Сабит Нурушевич
245 10 - TITLE STATEMENT
Title Творческое наследие И.А. Крылова в казахской литературе XIX века /
Statement of responsibility, etc. С. Н. Нурушев ; АН КазССР.
260 ## - PUBLICATION, DISTRIBUTION, ETC.
Place of publication, distribution, etc. Алма-Ата :
Name of publisher, distributor, etc. Изд-во АН КазССР,
Date of publication, distribution, etc. 1951.
300 ## - PHYSICAL DESCRIPTION
Extent 104 с. ;
Dimensions 22 см.
504 ## - BIBLIOGRAPHY, ETC. NOTE
Bibliography, etc. note Библиогр. в подстроч. примеч.
546 ## - LANGUAGE NOTE
Language note Кн. част. на каз. яз.
600 14 - SUBJECT ADDED ENTRY--PERSONAL NAME
Personal name Абай
650 14 - SUBJECT ADDED ENTRY--TOPICAL TERM
Topical term or geographic name entry element Художественная литература
Geographic subdivision Казахстан
650 14 - SUBJECT ADDED ENTRY--TOPICAL TERM
Topical term or geographic name entry element Казахская литература
653 0# - INDEX TERM--UNCONTROLLED
Uncontrolled term Русско-казахские литературные связи - 19 в.
653 0# - INDEX TERM--UNCONTROLLED
Uncontrolled term Казахская литература - Влияние русской литературы
700 1# - ADDED ENTRY--PERSONAL NAME
Personal name Крылов, Иван Андреевич
710 2# - ADDED ENTRY--CORPORATE NAME
Corporate name or jurisdiction name as entry element Академия наук Казахской ССР
942 ## - ADDED ENTRY ELEMENTS (KOHA)
Source of classification or shelving scheme Universal Decimal Classification
Koha item type Գրքեր / Books
Holdings
Withdrawn status Lost status Source of classification or shelving scheme Damaged status Not for loan Collection Home library Current library Date acquired Total checkouts Full call number Barcode Date last seen Price effective from Koha item type Public note
    Universal Decimal Classification     General Fundamental Scientific Library Fundamental Scientific Library 05/12/2018   РД II/26631 FL0532975 05/12/2018 05/12/2018 Գրքեր / Books 30 Days Loan
    Universal Decimal Classification     General Fundamental Scientific Library Fundamental Scientific Library 05/12/2018   РД II/26632 FL0532976 05/12/2018 05/12/2018 Գրքեր / Books 30 Days Loan


ՀՀ ԳԱԱ հիմնարար գիտական գրադարան
ՀՀ,Երևան 0019
Մարշալ Բաղրամյան 24/6
հեռախոս:(374-10) 52-47-50
Հետադարձ կապ

All site content, except where otherwise noted, is licensed under a
Creative Commons License